00662nam a2200205 4500003001100000005001700011008004100028020001800069040003900087041000800126082001600134245003600150260006200186300005200248650001300300700003200313942000700345952008900352999001500441LK-CoMWRAF20231109122249.0230818b2018 |||||||| |||| 00| 0 eng d a9789555802178 aLK-CoMWRAFdLK-CoMWRAFeLK-CoMWRAF aeng a305.42bEXP aExploring Women’s Empowerment aColombo:b International Center For Ethnic Studies,c2018 axviii, 557 p.bBibliography and Index included. aFEMINISM aVithanagama, Ranmini eed. cBK 00104070aMAINbMAINd2023-08-18l0o305.42 EXPpRAF12r2023-08-18w2023-08-18yBK c3208d3208